Statistics for World Cross Country Team Titles

Click here to take the quiz!

General Stats

  • This quiz has been taken 19 times
    (6 since last reset)
  • The average score is 83 of 86

Answer Stats

YearCountry% Correct
2019Uganda
100%
1981 | 1982 | 1983 | +16 othersEthiopia
100%
1986 | 1987 | 1988 | +23 othersKenya
100%
1976 | 1977 | 1980 | +5 othersSoviet Union
100%
1975 | 1979 | 1983 | +3 othersUnited States
100%
1973 | 1974 | 1976 | +3 othersEngland
80%
1973 | 1974 | 1977Belgium
80%
1978France
60%
1975New Zealand
60%
1994Portugal
60%
1978Romania
60%

Score Distribution

Percentile by Number Answered

Percent of People with Each Score

Your Score History

You have not taken this quiz since the last reset